Gaming Quiz

Random Gaming or Actor Quiz

Kingdom Hearts Characters by Actors Quiz Stats

 Plays Quiz not verified by Sporcle

Challenge
Share
Tweet
Embed
Score 0/12 Timer 07:00
0 Plays Today
% Correct
Sora
98.9%
Kairi
97.5%
Riku
96.2%
Ansem
73.4%
Goofy
71.4%
Leon
64.6%
Yuffie
61.5%
Aerith
61.2%
Cloud
59.1%
Donald Duck
53.2%
King Mickey
45.6%
Jiminy Cricket
20.4%

You're not logged in!

Compare scores with friends on all Sporcle quizzes.
Join for Free
OR
Log In

You Might Also Like...

Show Comments

Extras

Top Quizzes Today


Score Distribution

Your Account Isn't Verified!

In order to create a playlist on Sporcle, you need to verify the email address you used during registration. Go to your Sporcle Settings to finish the process.

Report this User

Report this user for behavior that violates our Community Guidelines.

Details: